|
|
|
|
| LEADER |
00000nam0a2200000 4500 |
| 001 |
5757 |
| 005 |
20231030175725.0 |
| 010 |
|
|
|a 5851730625
|
| 035 |
|
|
|a (RuTPU)RU\TPU\book\5785
|
| 035 |
|
|
|a BOOK00005837
|
| 090 |
|
|
|a 5757
|
| 100 |
|
|
|a 20011209d1997 m y0rusy50 ca
|
| 101 |
1 |
|
|a rus
|c eng
|
| 102 |
|
|
|a RU
|
| 105 |
|
|
|a y j 000zy
|
| 200 |
1 |
|
|a Международная экономика. Теория и политика
|e учебник для вузов
|e пер. с англ.
|f П. Р. Кругман, М. Обстфельд
|
| 210 |
|
|
|a Москва
|c ЮНИТИ
|d 1997
|
| 215 |
|
|
|a 799 с.
|
| 610 |
1 |
|
|a экономика
|
| 610 |
1 |
|
|a международная экономика
|
| 610 |
1 |
|
|a торговля
|
| 610 |
1 |
|
|a внешняя торговля
|
| 610 |
1 |
|
|a валютная политика
|
| 610 |
1 |
|
|a учебные пособия
|
| 686 |
|
|
|a У58я73
|v LBC/SL-A
|2 rubbk
|
| 700 |
|
1 |
|a Кругман
|b П. Р.
|g Пол Р.
|
| 701 |
|
1 |
|a Обстфельд
|b М.
|g Морис
|
| 801 |
|
0 |
|a RU
|b 63413507
|c 20011209
|g PSBO
|
| 801 |
|
2 |
|a RU
|b 63413507
|c 20070709
|g PSBO
|
| 900 |
|
|
|a Мировая экономика и внешнеэкономическая деятельность
|
| 942 |
|
|
|c BK
|